Largest Cities Starting With Each Letter - Statistics

General Stats
  • This quiz has been taken 28 times
  • The average score is 16 of 26
Answer Stats
Letter Population Answer % Correct
J 29.5m Jakarta
92%
M 27.8m Manila
88%
N 21.8m New York City
88%
S 41.6m Shanghai
88%
T 41.2m Tokyo
84%
I 16.0m Istanbul
80%
C 22.8m Cairo
76%
G 72.7m Guangzhou
76%
D 35.7m Delhi
72%
L 21.3m Lagos
72%
B 21.8m Bangkok
68%
R 13.6m Rio de Janeiro
68%
O 17.7m Osaka
56%
W 12.6m Wuhan
56%
A 9.90m Ahmedabad
52%
E 1.46m Edmonton
52%
K 21.0m Karachi
52%
X 15.4m Xiamen
52%
P 11.5m Paris
48%
V 3.18m Vancouver
48%
Q 7.70m Qingdao
40%
F 4.78m Fuzhou
36%
H 14.6m Hangzhou
36%
Y 5.65m Yangon
36%
Z 10.3m Zhengzhou
36%
U 5.00m Urumqi
32%
No matching quizzes found
Score Distribution
Percent of People with Each Score
Percentile by Number Answered
Your Score History
You have not taken this quiz